1201 1334 1894 1179 1181 1709 1451 1457 1767 1674 1491 1768 1428 1656 1448 1502 1988 1806 1801 1801 1758 1569 1002 1526 1045 1451 1004 1871 1240 1474 1804 1337 1814 1673 1128 1596 1982 1093 1191 1753 1819 1773 1423 1255 1170 1352 1707 1765 1834 1133 1911 1848 1895 1877 1560 1323 1834 1201 1740 1921 1186 1884 1964 1413 1086 1758 1277 1889 1546 1257 1394 1485 1677 1485 1142 1327 1679 1223 1860 1438 1183 1942 1802 1632 1595 1454 1470 1217 1625 1564 1108 1097 1102 1429 1957 1907 1063 1600 1680 BCNSPRNW ULIB Ver.6.0+V

เปลี่ยนเป็นภาษาไทย

Change to English
 แสดงรายละเอียดบรรณานุกรม
  กลับหน้าหลัก

Brief Record : Get Marc (ISO 2709) : E-mail record : QR code < ปิดหน้าต่าง
LEADER : 00000nam 2200000uu 4500
001    13399114563
003     ULIB
008    120417s2012||||th 000 0 eng d
020    ^a9780073374376 (alk. paper)
020    ^a0073374377 (alk. paper)
060 04 ^aQV18.2 ^bB39
100 1  ^a Gauwitz, Donna F.
245 10 ^a Administering medications : ^bpharmacology for healthcare professionals / ^cDonna F. Gauwitz.
250    ^a 7th ed.
260    ^a New York, NY : ^bMcGraw-Hill, ^cc2012.
300    ^a xxxii, 570, A-46, G-11, 1, I-21 : ^bill. ; ^c28 cm.
500    ^a Includes index.
505    ^a Orientation to medications -- Principles of drug action -- Measurement and dosage calculations -- Administering parenteral medications -- Medication therapy -- Vitamins, minerals, and herbs -- Antibiotics and antifungals -- Drugs for the eye and ear -- Drugs for the skin -- Drugs for the cardiovascular system -- Drugs for the respiratory system -- Drugs for the gastrointestinal system -- Drugs for the urinary system and fluid balance -- Drugs for the reproductive system -- Drugs for the endocrine system -- Drugs for the musculoskeletal system -- Drugs for the nervous and sensory systems -- Psychotropic drugs -- Antineoplastic drugs -- Drugs for the pediatric patient -- Drugs for the geriatric patient.
650 0  ^a Drugs ^xAdministration.
650 0  ^a Pharmacology.
650 12 ^aPharmaceutical Preparations ^xadministration & dosage ^vProgrammed Instruction.
945    ^p0^l0^i031645
995    ^aKesorn
999 ^a ใช้งานได้ทุกระบบ
รายการนี้ยังไม่มีแท็ก
คุณยังไม่ได้ล็อกอิน คุณสามารถมีกิจกรรมร่วมกับเว็บไซต์ได้ แต่ต้องล็อกอินก่อน ::
  ล็อกอิน

รายการสื่อสารสนเทศ

ลำดับที่ ประเภท เลขเรียก/บาร์โค้ด สถานที่ สถานะ
- ไม่พบข้อมูล -

รายการใกล้เคียง
    ผู้แต่ง [Gauwitz, Donna F.]

    หัวเรื่อง [Pharmacology.]

BibComment


ยังไม่เคยถูกคอมเมนท์

คอมเมนท์ทรัพยากรรายการนี้
  คอมเมนท์: Administering m..


 Copyright 2026. Bcnsprnw @Library